[Event "?"]
[Site "Lido Estensi Open"]
[Date "2003.??.??"]
[Round "?"]
[White "Cioara, Andrei-Nestor"]
[Black "Rotstein, Arkadij"]
[Result "1/2-1/2"]
[WhiteElo "2385"]
[BlackElo "2510"]

1. e4 c5 2. Nf3 e6 3. d4 cxd4 4. Nxd4 a6 5. Bd3 Bc5 6. Nb3 Be7 7. O-O d6 8.
f4 Qc7 9. Nc3 Nf6 10. Qe2 Nc6 11. Bd2 O-O 12. Rae1 Nd7 13. Kh1 b5 14. Qh5
b4 15. Nd1 a5 16. c4 a4 17. Nc1 Bf6 18. Bb1 g6 19. Qh3 Nb6 20. Bd3 d5 21.
e5 Bg7 22. cxd5 Nxd5 23. Ne3 Nxe3 24. Bxe3 Rd8 25. Be4 Bb7 26. Qf3 Na5 27.
Ne2 Bxe4 28. Qxe4 Qc4 29. Ng3 Qxe4 30. Nxe4 Nc4 31. b3 axb3 32. axb3 Nxe3
33. Rxe3 Ra2 34. h3 h5 35. h4 Bf8 36. Rf2 Ra1+ 37. Kh2 Rdd1 38. g3 Kg7 39.
Kg2 Be7 40. Rd2 Rg1+ 41. Kf3 Raf1+ 42. Rf2 Rc1 43. Rd3 Rb1 44. Rc2 Rgf1+
45. Ke3 Rbe1+ 46. Kd4 Rc1 47. Rc4 Rfd1 48. Rxd1 Rxd1+ 49. Ke3 Rb1 50. Nd2
Re1+ 51. Kf2 1/2-1/2

[Event "?"]
[Site "North American Open"]
[Date "2002.??.??"]
[Round "?"]
[White "Rowley, Robert"]
[Black "Ehlvest, Jaan"]
[Result "0-1"]
[WhiteElo "2295"]
[BlackElo "2600"]

1. e4 c5 2. Nf3 e6 3. d4 cxd4 4. Nxd4 a6 5. Bd3 Bc5 6. Nb3 Be7 7. O-O d6 8.
c4 Nf6 9. Nc3 b6 10. Bf4 Nc6 11. Qe2 O-O 12. Rfd1 Nd7 13. Rac1 Bb7 14. Bb1
Nce5 15. c5 bxc5 16. Nxc5 Nxc5 17. Bxe5 Qb8 18. Bd4 Nd7 19. Rd3 Rc8 20. Qh5
e5 21. Be3 Nf6 22. Qf3 h6 23. Rdd1 Bc6 24. Qe2 Qb7 25. f3 Bd7 26. Nd5 Nxd5
27. exd5 f5 28. Qd2 Bd8 29. Bxh6 Rxc1 30. Rxc1 gxh6 31. Qxh6 Qxd5 32. Qg6+
Kf8 33. Qh6+ Ke8 34. Qh8+ Ke7 35. Qh4+ Ke6 36. Qh6+ Bf6 37. Qh7 Qd4+ 38.
Kh1 Qf4 39. Rc7 Rd8 40. a3 d5 0-1

[Event "?"]
[Site "Krasnodar RUS"]
[Date "2001.??.??"]
[Round "?"]
[White "Stambulian, Arsen"]
[Black "Brodsky, Michail"]
[Result "0-1"]
[WhiteElo "2370"]
[BlackElo "2525"]

1. e4 c5 2. Nf3 e6 3. d4 cxd4 4. Nxd4 a6 5. Bd3 Bc5 6. Nb3 Be7 7. O-O d6 8.
Qg4 g6 9. Qg3 Nd7 10. Nc3 Qc7 11. Kh1 b5 12. a3 Bb7 13. f4 Ngf6 14. Bd2 O-O
15. Rae1 Rfe8 16. Qh3 Rac8 17. Nd4 e5 18. Nf3 exf4 19. Bxf4 Bf8 20. Ng5 Bg7
21. Bd2 h6 22. Nf3 h5 23. Ng5 Ne5 24. Qg3 Nh7 25. Nxh7 Kxh7 26. Bf4 Kg8 27.
Rd1 Nc4 28. Bxc4 Qxc4 29. Bxd6 Bxc3 30. bxc3 Rxe4 31. Rf2 Rce8 32. h3 Re3
33. Qf4 Rxh3+ 34. Kg1 Qxf4 35. Bxf4 Rxc3 36. Rd7 Bc8 37. Rxf7 Kxf7 38. Be5+
Bf5 39. Bxc3 Rc8 40. Ba5 Rxc2 41. Rxc2 Bxc2 42. Kf2 Ke6 43. Ke3 Kd5 44. Kd2
Be4 45. g3 Kd4 46. Bd8 Bf5 47. Ba5 Bg4 48. Kc2 Ke3 49. Kc3 Kf2 50. Bc7 g5
51. Kb4 h4 52. gxh4 gxh4 53. Ka5 Be2 0-1

[Event "?"]
[Site "Ch Santa Clara CUB"]
[Date "1999.??.??"]
[Round "?"]
[White "Abreu, Aryam"]
[Black "Bruzon Bautista, Lazaro"]
[Result "1-0"]
[WhiteElo "2410"]
[BlackElo "2485"]

1. e4 c5 2. Nf3 e6 3. d4 cxd4 4. Nxd4 a6 5. Bd3 Bc5 6. Nb3 Be7 7. Nc3 d6 8.
f4 Nd7 9. Qf3 Qc7 10. O-O Ngf6 11. Kh1 b6 12. Bd2 Bb7 13. Nd4 g6 14. b4 h5
15. Rae1 h4 16. Qh3 e5 17. Nb3 exf4 18. Rxf4 g5 19. Rf5 g4 20. Qe3 h3 21.
g3 Ne5 22. Ref1 Nfd7 23. Nd5 Qd8 24. c4 Rc8 25. Be2 Nxc4 26. Qf4 Nce5 27.
Rxf7 Bxd5 28. exd5 Rc2 29. Bxg4 Nf6 30. Rg7 Nexg4 31. Rxg4 Qa8 32. Rg5 Rf8
33. Rf5 Rxa2 34. Qf3 Ra3 35. Re1 Rf7 36. Bc1 Ra2 37. Nd4 Nd7 38. Rxf7 Kd8
39. Rexe7 1-0

[Event "?"]
[Site "Open A, Voronezh RUS"]
[Date "2006.??.??"]
[Round "6"]
[White "Paveliev, A"]
[Black "Chuprov, Dmitry"]
[Result "1-0"]
[WhiteElo "2365"]
[BlackElo "2525"]

1. e4 c5 2. Nf3 e6 3. d4 cxd4 4. Nxd4 a6 5. Bd3 Bc5 6. Nb3 Be7 7. Be3 d6 8.
a4 Nf6 9. N1d2 O-O 10. a5 Nbd7 11. Nc4 d5 12. Nb6 Nxb6 13. Bxb6 Qe8 14. e5
Nd7 15. Bd4 Nb8 16. Qh5 h6 17. O-O Nc6 18. Bb6 Nb4 19. Rad1 Bd7 20. Nc5 Bb5
21. Nxb7 Qc6 22. Bxb5 axb5 23. Nd6 Bxd6 24. exd6 Qxd6 25. Qe2 Qc6 26. c3
Na6 27. Rd4 Rfe8 28. Rfd1 Rac8 29. h3 Qd7 30. Qg4 Nc5 31. Rb4 Na6 32. Rbd4
Qe7 33. Qe2 Qd7 34. R1d2 Re7 35. R2d3 Rc4 36. b3 Rc8 37. Re3 Qc6 38. Qf3
Ree8 39. Qg3 Qd7 40. Rh4 Kh7 41. Bd4 f6 42. Bxf6 Nc5 43. Qg4 Rf8 44. Bd4
Ne4 45. f3 Nf6 46. Qxe6 Qxe6 47. Rxe6 g5 48. Rg4 1-0

[Event "?"]
[Site "XXIV Open, Metz FRA"]
[Date "2006.??.??"]
[Round "3"]
[White "Bruned, Yvalin"]
[Black "Epishin, Vladimir V"]
[Result "1/2-1/2"]
[WhiteElo "2325"]
[BlackElo "2565"]

1. e4 c5 2. Nf3 e6 3. d4 cxd4 4. Nxd4 a6 5. Bd3 Bc5 6. Nb3 Be7 7. O-O d6 8.
c4 Nf6 9. Nc3 O-O 10. Be3 Nbd7 11. f4 Re8 12. Rc1 b6 13. Nd2 Bb7 14. b4 Bf8
15. a3 g6 16. h3 Rc8 17. Qe2 Bg7 18. Qf2 Rc6 19. Nf3 e5 20. fxe5 dxe5 21.
Rfd1 h6 22. c5 bxc5 23. bxc5 Bf8 24. Nd5 Rc8 25. Nxf6+ Qxf6 26. Bxa6 Nxc5
27. Bxb7 Nxb7 28. Rxc8 Rxc8 29. Qb2 Nd6 30. Nxe5 Qe6 31. Bd4 Nc4 32. Nxc4
Rxc4 33. Rc1 Ra4 34. Bc5 Bxc5+ 35. Rxc5 Rxe4 36. Rc1 h5 37. Kh1 Kh7 38. Rf1
g5 39. Qb7 Re1 40. Rxe1 Qxe1+ 41. Kh2 Qe5+ 42. Kg1 Qe3+ 43. Kh1 Qc1+ 44.
Kh2 Qf4+ 45. Kg1 g4 46. hxg4 hxg4 47. Qb4 Qe3+ 48. Kh2 f5 49. Qd6 Qf2 50.
Qe7+ Kg6 51. Qe8+ Kg5 52. Qe7+ Kg6 53. Qe8+ 1/2-1/2

[Event "?"]
[Site "36th Olympiad ;The Week in Che"]
[Date "2004.??.??"]
[Round "8"]
[White "Thorhallsson, Throstur"]
[Black "McNab, Colin A"]
[Result "1/2-1/2"]
[WhiteElo "2460"]
[BlackElo "2430"]

1. e4 c5 2. Nf3 e6 3. d4 cxd4 4. Nxd4 a6 5. Bd3 Bc5 6. Nb3 Be7 7. Nc3 d6 8.
f4 Qc7 9. Qf3 Nf6 10. Be3 Nbd7 11. g4 h6 12. Qh3 e5 13. f5 Rf8 14. O-O-O b5
15. a3 Bb7 16. Kb1 Nc5 17. Qg2 O-O-O 18. g5 hxg5 19. Bxg5 Kb8 20. Bxf6 Bxf6
21. Be2 Rc8 1/2-1/2

[Event "?"]
[Site "BUL Ch rapid"]
[Date "1995.??.??"]
[Round "?"]
[White "Ninov, Nikolai"]
[Black "Kirov, Nino"]
[Result "1-0"]
[WhiteElo "2435"]
[BlackElo "2455"]

1. e4 c5 2. Nf3 e6 3. d4 cxd4 4. Nxd4 Qb6 5. Nc3 Bc5 6. Na4 Qa5+ 7. c3 Bxd4
8. Qxd4 Nf6 9. Nc5 Nc6 10. Qe3 O-O 11. Nb3 Qc7 12. Be2 d5 13. exd5 Nxd5 14.
Qg3 e5 15. Bh6 f5 16. Bc4 Rd8 17. Rd1 Kh8 18. Bxg7+ Qxg7 19. Rxd5 Rxd5 20.
Bxd5 Ne7 21. Qxg7+ Kxg7 22. Bc4 Kf6 23. f3 f4 24. Kf2 Nf5 25. Bd3 Be6 26.
Be4 Rd8 27. Re1 b6 28. Bxf5 Kxf5 29. Re2 a5 30. Ke1 1-0

[Event "?"]
[Site "Ch rapid rapid"]
[Date "1995.??.??"]
[Round "?"]
[White "Ninov, Nikolai"]
[Black "Kirov, Nino"]
[Result "1-0"]
[WhiteElo "2435"]
[BlackElo "2455"]

1. e4 c5 2. Nf3 e6 3. d4 cxd4 4. Nxd4 Qb6 5. Nc3 Bc5 6. Na4 Qa5+ 7. c3 Bxd4
8. Qxd4 Nf6 9. Nc5 Nc6 10. Qe3 O-O 11. Nb3 Qc7 12. Be2 d5 13. exd5 Nxd5 14.
Qg3 e5 15. Bh6 f5 16. Bc4 Rd8 17. Rd1 Kh8 18. Bxg7+ Qxg7 19. Rxd5 Rxd5 20.
Bxd5 Be6 21. h4 Qg5 22. Bc4 Nb8 23. Qf4 Bg8 24. O-O Qg4 25. Bd3 Nc6 26.
Bxf5 Rd8 27. Qb4 b6 28. Qxb6 Qf4 29. Qb5 a5 30. Qb4 1-0

[Event "?"]
[Site "Maribor"]
[Date "1996.??.??"]
[Round "?"]
[White "Simic, Dragan SLO"]
[Black "Sax, Gyula"]
[Result "0-1"]
[WhiteElo "2330"]
[BlackElo "2560"]

1. e4 c5 2. Nf3 e6 3. d4 cxd4 4. Nxd4 a6 5. Bd3 Bc5 6. Nb3 Be7 7. c4 Nc6 8.
Nc3 Nf6 9. Qe2 d6 10. O-O Ne5 11. f3 Bd7 12. Be3 Rc8 13. a4 Qc7 14. Nd2 Nc6
15. Na2 Ne5 16. Nc3 Nc6 17. Na2 O-O 18. Rfc1 d5 19. cxd5 exd5 20. b4 Qd8
21. b5 axb5 22. axb5 Ne5 23. Rxc8 Qxc8 24. Rc1 Qa8 25. Bb1 Qa5 26. b6 Bb5
27. Qf2 Nd3 28. Bxd3 Bxd3 29. Nb3 Qa3 30. Bc5 Bxc5 31. Nxc5 Bc4 32. Rc2
Bxa2 0-1

[Event "?"]
[Site "Petrov Memorial Open"]
[Date "2002.??.??"]
[Round "?"]
[White "Bogachkov, Igor"]
[Black "Goloshchapov, Alexander"]
[Result "0-1"]
[WhiteElo "2345"]
[BlackElo "2545"]

1. e4 c5 2. Nf3 e6 3. d4 cxd4 4. Nxd4 a6 5. Bd3 Bc5 6. Nb3 Be7 7. O-O d6 8.
a4 b6 9. Qg4 g6 10. Qe2 Nc6 11. Nc3 Bb7 12. Be3 Ne5 13. f3 Nf6 14. Bh6 Rg8
15. Bg5 Nfd7 16. Bxe7 Qxe7 17. f4 Nxd3 18. cxd3 f5 19. Rfe1 g5 20. exf5
gxf4 21. fxe6 Ne5 22. Qh5+ Kd8 23. Ne4 Qxe6 24. Nd4 Qg6 25. Qh4+ Kd7 26.
Qh3+ Kc7 27. Ne6+ Kb8 28. Nxf4 Qg4 29. Qxg4 Rxg4 30. Rf1 Nxd3 31. Nxd3 Bxe4
32. Nf4 Kb7 33. Rae1 d5 34. g3 Rc8 35. Rf2 Rg7 36. Rd2 Rg5 37. Kf2 a5 38.
Red1 Rf5 39. Ke3 Rc5 40. b3 Rc3+ 41. Kd4 Rxb3 42. Ra2 Kc6 43. Rdd2 Rb4+ 44.
Ke3 Re5 45. Nd3 Bxd3+ 46. Kxd3 Ree4 47. Rf2 Rxa4 48. Rf6+ Kc5 49. Rxa4 Rxa4
50. Rh6 Rd4+ 51. Kc2 b5 52. Rxh7 a4 53. Rf7 b4 54. Rf1 b3+ 55. Kb1 a3 56.
h4 Kb4 57. Rf4 Rxf4 58. gxf4 Kc3 59. h5 a2+ 60. Ka1 Kc2 61. h6 b2+ 0-1

[Event "?"]
[Site "Merida MEX"]
[Date "1993.??.??"]
[Round "?"]
[White "Vescovi, Giovanni P"]
[Black "Sunye Neto, Jaime"]
[Result "1-0"]
[WhiteElo "2340"]
[BlackElo "2545"]

1. e4 c5 2. Nf3 e6 3. d4 cxd4 4. Nxd4 a6 5. Bd3 Bc5 6. Nb3 Be7 7. c4 d6 8.
O-O Nf6 9. Nc3 O-O 10. Bf4 b6 11. Re1 Bb7 12. Bf1 Qc7 13. e5 dxe5 14. Bxe5
Qc8 15. Qc2 Nbd7 16. Bf4 Re8 17. Rad1 Bf8 18. Bd6 Bxd6 19. Rxd6 Qc7 20.
Red1 Re7 21. Qd2 g6 22. h3 Rc8 23. Qe3 Ne8 24. R6d2 Nc5 25. Nxc5 bxc5 26.
Be2 Ng7 27. Bf3 Nf5 28. Qd3 Qf4 29. Bxb7 Rxb7 30. Qe4 Qb8 31. b3 Nd4 32.
Na4 f5 33. Qe3 e5 34. Re1 Rd7 35. Kf1 Qb4 36. Nc3 Re8 37. Nd5 Rxd5 38. cxd5
f4 39. Qd3 e4 40. a3 Qb5 41. Qxb5 axb5 42. d6 Nxb3 43. Rd5 Kf7 44. d7 Rd8
45. Rxe4 g5 46. Ke2 h6 47. Kf3 c4 48. Ke2 Nc1+ 49. Kd2 Nd3 50. f3 Nf2 51.
Re2 Nh1 52. Re8 Rxd7 53. Rxd7+ Kxe8 54. Rb7 Ng3 55. Rxb5 Kd7 56. Kc3 Nf1
57. Kxc4 Ne3+ 58. Kd4 Nxg2 59. Rb6 Ne3 60. Kd3 Nf5 61. Rf6 Nh4 62. Ke4 1-0

[Event "?"]
[Site "It Open Boeblingen"]
[Date "2002.??.??"]
[Round "?"]
[White "Berger, Steve"]
[Black "Horvath, Jozsef"]
[Result "1/2-1/2"]
[WhiteElo "2350"]
[BlackElo "2535"]

1. e4 c5 2. Nf3 e6 3. d4 cxd4 4. Nxd4 a6 5. Bd3 Bc5 6. Nb3 Be7 7. O-O d6 8.
Qe2 Nd7 9. f4 Qc7 10. Be3 Ngf6 11. Nc3 b5 12. a4 b4 13. Na2 Bb7 14. Nxb4 a5
15. Na2 Nxe4 16. Bd4 Nef6 17. Nc3 O-O 18. Nb5 Qc6 19. Bc3 Bd8 20. N3d4 Qb6
21. Kh1 Nc5 22. b4 Nxd3 23. Qxd3 Ne4 24. bxa5 Qc5 25. Be1 Rc8 26. Rb1 Qd5
27. Nf3 Ra8 28. Bb4 Bxa5 29. Bxd6 Rfc8 30. Bb4 Bb6 31. Nd6 Rd8 32. Nxe4
Qxe4 33. Qxe4 Bxe4 34. Be7 Re8 35. Rxb6 Rxe7 36. c4 Rea7 37. Nd2 1/2-1/2

[Event "?"]
[Site "Belgique (championnat equipes)"]
[Date "2004.??.??"]
[Round "?"]
[White "Gommers, Ralf"]
[Black "Jaracz, Pawel"]
[Result "1/2-1/2"]
[WhiteElo "2345"]
[BlackElo "2540"]

1. e4 c5 2. Nf3 e6 3. d4 cxd4 4. Nxd4 a6 5. Bd3 Bc5 6. Nb3 Be7 7. Nc3 d6 8.
Be3 Nf6 9. a4 b6 10. O-O Bb7 11. f4 Nbd7 12. Qe2 Qc7 13. Rae1 h5 14. Bd2 h4
15. e5 dxe5 16. fxe5 Nh5 17. Be4 Bxe4 18. Qxe4 O-O 19. Qg4 g6 20. Bg5 Qd8
21. Ne4 Nxe5 22. Qxh4 f6 23. Nxf6+ Rxf6 24. Bxf6 Bxf6 25. Rxf6 Qxf6 26.
Qxf6 Nxf6 27. Rxe5 Kf7 28. a5 Rb8 29. h3 Nd7 30. Re1 bxa5 31. Ra1 Rc8 32.
c3 Rb8 1/2-1/2

[Event "?"]
[Site "Capablanca Memorial Premier II"]
[Date "2000.??.??"]
[Round "?"]
[White "Vazquez, Renier"]
[Black "Del Rio Angelis, Salvador G"]
[Result "1-0"]
[WhiteElo "2425"]
[BlackElo "2460"]

1. e4 c5 2. Nf3 e6 3. d4 cxd4 4. Nxd4 a6 5. Bd3 Bc5 6. Nb3 Be7 7. O-O d6 8.
c4 Nf6 9. Nc3 O-O 10. Be3 b6 11. Qe2 Nbd7 12. f4 Qc7 13. g4 Nc5 14. Nxc5
bxc5 15. g5 Nd7 16. Rf3 f6 17. Rh3 fxg5 18. e5 h6 19. Qg4 Nxe5 20. fxe5 d5
21. Qh5 Qxe5 22. Qg6 Rf6 23. Qe8+ Rf8 24. Qxe7 d4 25. Bd2 g4 26. Rxh6 1-0

[Event "?"]
[Site "HZ Open Vlissingen NED"]
[Date "2000.??.??"]
[Round "?"]
[White "Van Delft, Merijn"]
[Black "Epishin, Vladimir V"]
[Result "0-1"]
[WhiteElo "2320"]
[BlackElo "2565"]

1. e4 c5 2. Nf3 e6 3. d4 cxd4 4. Nxd4 a6 5. Bd3 Bc5 6. Nb3 Be7 7. Qg4 g6 8.
Nc3 d6 9. Qe2 Nd7 10. f4 Ngf6 11. Bd2 e5 12. O-O exf4 13. Bxf4 O-O 14. Kh1
Ne5 15. h3 Be6 16. Nd4 Rc8 17. Nxe6 fxe6 18. Bxe5 dxe5 19. Bc4 Qb6 20. Bb3
Kg7 21. g4 Bb4 22. Rf3 Bxc3 23. Rxc3 Rxc3 24. bxc3 Nd7 25. Rf1 Rxf1+ 26.
Qxf1 Nc5 27. Qc4 Qd6 28. Kg1 Qd1+ 29. Kf2 Qd2+ 30. Kf1 Qe3 0-1

[Event "?"]
[Site "Sparkasse GM"]
[Date "1998.??.??"]
[Round "?"]
[White "Micic, Jordanka"]
[Black "Glek, Igor V"]
[Result "0-1"]
[WhiteElo "2315"]
[BlackElo "2565"]

1. e4 c5 2. Nf3 e6 3. d4 cxd4 4. Nxd4 a6 5. Bd3 Bc5 6. Nb3 Be7 7. O-O d6 8.
c4 Nf6 9. Qe2 Qc7 10. Nc3 Nbd7 11. f4 b6 12. Be3 Bb7 13. Rae1 Rc8 14. Kh1
O-O 15. Bg1 g6 16. e5 dxe5 17. fxe5 Nh5 18. Bd4 Bh4 19. Rc1 Bg5 20. Rcd1
Nf4 21. Qg4 Bxg2+ 22. Kg1 Bxf1 23. Bxf1 Nxe5 24. Qg3 Bh6 25. Ne4 f5 26.
Ned2 Rfd8 27. Qh4 Rxd4 28. Nxd4 Qc5 0-1

[Event "?"]
[Site "Team Ch France"]
[Date "2001.??.??"]
[Round "?"]
[White "Herbrechtsmeier, Christof"]
[Black "Conquest, Stuart"]
[Result "0-1"]
[WhiteElo "2335"]
[BlackElo "2545"]

1. e4 c5 2. Nf3 e6 3. d4 cxd4 4. Nxd4 a6 5. Bd3 Bc5 6. Nb3 Be7 7. c4 d6 8.
Nc3 Nf6 9. O-O Nbd7 10. Qe2 Ne5 11. Rd1 Qc7 12. Bf4 b6 13. Rac1 Nfd7 14.
Qh5 O-O 15. Bf1 Bb7 16. Qe2 Rac8 17. f3 Qb8 18. Na4 Bc6 19. Nc3 Ba8 20. Na4
Rc7 21. Qf2 Bc6 22. Nc3 Qc8 23. Be3 Ba8 24. Nd2 Nc5 25. Ndb1 f5 26. b4 Ncd7
27. exf5 Rxf5 28. Qe2 Nxc4 29. Bd4 e5 30. Bf2 Bg5 31. Rc2 b5 32. a4 Bc6 33.
axb5 axb5 34. Nd5 Bxd5 35. Rxd5 Qb7 36. Rxb5 Qxb5 37. Rxc4 Qxc4 38. Qxc4+
Rxc4 39. Bxc4+ Kf8 40. Be6 Rf4 41. Bxd7 Rc4 42. h4 Bxh4 43. Bxh4 Rxb4 44.
Bd8 Rxb1+ 45. Kh2 Kf7 46. Bf5 Rb4 47. Kg3 h6 48. Bh3 Ra4 49. Bd7 Ra8 50.
Bb6 Ke7 51. Bf5 Rb8 52. Ba5 Rb5 53. Bc7 Rb7 54. Ba5 d5 55. Kg4 Ra7 56. Bb6
Ra2 57. Kg3 Kd6 58. Bh7 d4 59. Be4 Ra6 60. Bd8 Kd7 61. Bd3 Ra3 0-1

[Event "?"]
[Site "Bizovac Metalis Open 9th"]
[Date "2002.??.??"]
[Round "?"]
[White "Jurkovic, Ante"]
[Black "Sax, Gyula"]
[Result "1-0"]
[WhiteElo "2300"]
[BlackElo "2580"]

1. e4 c5 2. Nf3 e6 3. d4 cxd4 4. Nxd4 a6 5. Bd3 Bc5 6. Nb3 Be7 7. O-O d6 8.
c4 Nf6 9. Nc3 b6 10. f4 Nbd7 11. Qe2 Qc7 12. Bd2 Bb7 13. Rae1 Rd8 14. Rf3
g6 15. Nd5 exd5 16. exd5 O-O 17. Re3 Nxd5 18. cxd5 Bf6 19. Bc3 Bxd5 20.
Bxa6 Bxb3 21. axb3 d5 22. Bxf6 Nxf6 23. f5 d4 24. Re7 Qc5 25. Bd3 Nd5 26.
Re5 Qd6 27. fxg6 hxg6 28. Qf2 Ne3 29. Qg3 Kg7 30. Ra1 1-0

[Event "?"]
[Site "Vienna Open Vienna AUT"]
[Date "1996.??.??"]
[Round "?"]
[White "Schmidt-Schaeffer, Sebastian"]
[Black "Rotstein, Arkadij"]
[Result "0-1"]
[WhiteElo "2405"]
[BlackElo "2475"]

1. e4 c5 2. Nf3 e6 3. d4 cxd4 4. Nxd4 a6 5. Bd3 Bc5 6. Nb3 Be7 7. Nc3 d6 8.
Be3 Nf6 9. Qe2 Nc6 10. O-O-O O-O 11. f4 Qc7 12. g4 Nd7 13. h4 b5 14. g5 Nc5
15. Nxc5 dxc5 16. e5 Bb7 17. Rh3 Nb4 18. Bxh7+ Kxh7 19. h5 Kg8 20. g6 Nxa2+
21. Nxa2 Be4 22. Rg1 Bf5 23. Rh2 b4 24. gxf7+ Rxf7 25. h6 g6 26. Rxg6+ Bxg6
27. Qg2 Kh7 28. Qxa8 b3 29. Nc3 bxc2 30. Rg2 Bf8 31. Rxg6 Kxg6 32. Qg2+ Kh7
33. Qxc2+ Rf5 34. Ne4 Qa5 35. Ng5+ Kh8 36. Kd1 Qd8+ 37. Ke2 Qd5 38. Ne4
Bxh6 39. Kf3 Qxe5 40. Qh2 Rh5 41. Qg3 Qf5 42. Bxc5 e5 0-1

[Event "?"]
[Site "1st Central League ;The Week i"]
[Date "2004.??.??"]
[Round "1"]
[White "Muratovic, A"]
[Black "Pikula, Dejan"]
[Result "0-1"]
[WhiteElo "2375"]
[BlackElo "2505"]

1. e4 c5 2. Nf3 e6 3. d4 cxd4 4. Nxd4 a6 5. Bd3 Bc5 6. Nb3 Be7 7. O-O d6 8.
Nc3 Nf6 9. Be3 O-O 10. h3 b5 11. a4 b4 12. Ne2 Bb7 13. Ng3 Nbd7 14. Qe2 d5
15. Nd2 Re8 16. f4 dxe4 17. Ndxe4 g6 18. c4 bxc3 19. bxc3 Nd5 20. Bd2 Qc7
21. c4 Nb4 22. Bxb4 Bxb4 23. Kh1 Be7 24. Ra2 f5 25. Nd2 Nc5 26. Bb1 Rad8
27. Qe3 Bd6 28. Ne2 e5 29. fxe5 Bxe5 30. Nf3 Bg7 31. Qf4 Qc6 32. Ned4 Qd6
33. Ne2 Ne4 34. Bxe4 Qxf4 35. Nxf4 Rxe4 36. Nd2 Red4 37. Rf2 Bh6 38. Nd5
Bxd5 39. cxd5 R8xd5 40. Nf3 Rc4 41. Rfc2 Bf4 42. Kg1 Bg3 43. Rab2 Rxa4 44.
Rb1 Rb4 45. Ra1 a5 46. Kf1 Kg7 47. Rca2 Rbb5 48. Ra4 Kf6 0-1

[Event "?"]
[Site "11 Open Kavala GRE"]
[Date "2002.??.??"]
[Round "?"]
[White "Markidis, Konstantinos"]
[Black "Nikolaidis, Ioannis"]
[Result "1/2-1/2"]
[WhiteElo "2355"]
[BlackElo "2525"]

1. e4 c5 2. Nf3 e6 3. d4 cxd4 4. Nxd4 a6 5. Bd3 Bc5 6. Nb3 Be7 7. O-O d6 8.
Nc3 Nf6 9. f4 Nbd7 10. Qf3 Qc7 11. a4 b6 12. Bd2 Bb7 13. Rae1 h5 14. Qe2 g6
15. e5 dxe5 16. fxe5 Ng4 17. Be4 Bxe4 18. Qxe4 Rc8 19. Bf4 1/2-1/2

[Event "?"]
[Site "TCh-AUT"]
[Date "2006.??.??"]
[Round "9"]
[White "Lendwai, Reinhard"]
[Black "Balinov, Ilija"]
[Result "0-1"]
[WhiteElo "2425"]
[BlackElo "2455"]

1. e4 c5 2. Nf3 e6 3. d4 cxd4 4. Nxd4 a6 5. Bd3 Bc5 6. Nb3 Be7 7. Nc3 d6 8.
f4 b5 9. a3 Bh4+ 10. g3 Be7 11. Be3 Nc6 12. Qd2 Nf6 13. Nd4 Bb7 14. O-O-O
b4 15. Nxc6 Bxc6 16. axb4 Qb8 17. g4 Qxb4 18. g5 Rb8 19. Qg2 Nd7 20. Kd2
O-O 21. Ra1 Rfc8 22. Rhb1 d5 23. exd5 exd5 24. Qf2 Bc5 25. Bxc5 Nxc5 26.
Kd1 d4 0-1

[Event "?"]
[Site "TCh-BIH, Neum BIH"]
[Date "2004.??.??"]
[Round "2"]
[White "Savanovic, Aleksandar"]
[Black "Bistric, Faruk"]
[Result "0-1"]
[WhiteElo "2395"]
[BlackElo "2485"]

1. e4 c5 2. Nf3 e6 3. d4 cxd4 4. Nxd4 a6 5. Bd3 Bc5 6. Nb3 Be7 7. O-O d6 8.
c4 Nf6 9. Nc3 b6 10. a4 Nc6 11. a5 bxa5 12. Be3 O-O 13. f3 Rb8 14. Rf2 Nd7
15. Bf1 Qc7 16. Na4 Rd8 17. Rd2 Rb4 18. c5 dxc5 19. Naxc5 Nxc5 20. Nxc5
Rxd2 21. Qxd2 Nd4 22. Bxd4 Rxd4 23. Nd3 a4 24. Rc1 Rc4 25. Rxc4 Qxc4 26. g3
Qd4+ 27. Kg2 Bd7 28. Qc2 Bb5 29. Be2 g6 30. Qc7 Bd8 31. Qc2 Bb6 32. Kh3 Qe3
33. e5 Bd4 34. f4 h5 35. Nc1 Kg7 36. Bd3 Qf2 37. Qxf2 Bxf2 38. Be2 Bd4 39.
Nd3 Bxb2 40. Nxb2 a3 0-1

[Event "?"]
[Site "Open Val Thorens FRA"]
[Date "1998.??.??"]
[Round "?"]
[White "Olivier, Jean-Christophe"]
[Black "Horvath, Jozsef"]
[Result "1-0"]
[WhiteElo "2360"]
[BlackElo "2515"]

1. e4 c5 2. Nf3 e6 3. d4 cxd4 4. Nxd4 a6 5. Bd3 Bc5 6. Nb3 Be7 7. Nc3 d6 8.
Be3 Nd7 9. f4 b5 10. Qg4 b4 11. Ne2 h5 12. Qf3 Bb7 13. O-O-O Ngf6 14. f5
Ne5 15. Qh3 Nxd3+ 16. cxd3 e5 17. Kb1 d5 18. d4 exd4 19. Bxd4 Nxe4 20. Bxg7
Rg8 21. Bd4 h4 22. Rhf1 Bg5 23. Nc5 Qe7 24. f6 Bxf6 25. Nxb7 Bxd4 26. Nxd4
Qxb7 27. Ka1 Qe7 28. Nf5 Qe5 29. Ne3 Rd8 30. Nxd5 Rg6 31. Qf3 Ng5 32. Qb3
Kf8 33. Qxb4+ Kg7 34. Nf4 Rxd1+ 35. Rxd1 Rc6 36. Nh5+ Kh6 37. Qxh4 Rc2 38.
Nf4+ Kg7 39. Nd3 Qe3 40. Qg4 f6 41. a3 Qe4 42. Qxe4 Nxe4 43. Re1 Nd6 44.
Re7+ Kg6 45. Re6 Nc4 46. Rxa6 Rd2 47. Ra4 Ne3 48. Nf4+ Kf5 49. Ka2 Nd1 50.
Rb4 Nc3+ 51. Kb3 Nd1 52. Ka2 Nc3+ 53. Kb3 Nd1 54. a4 Rxb2+ 55. Ka3 Rd2 56.
a5 Nc3 57. g4+ Ke5 58. a6 Rd6 59. Kb3 Ne4 60. Ng6+ Kd5 61. Ne7+ Ke5 62. a7
Ra6 63. Nc6+ Kd5 64. Rb8 Nc5+ 65. Kc2 1-0

[Event "?"]
[Site "1st ch-SCG Kopaonik SCG ;The W"]
[Date "2005.??.??"]
[Round "6"]
[White "Nadj Hedjesi, B"]
[Black "Pikula, Dejan"]
[Result "0-1"]
[WhiteElo "2390"]
[BlackElo "2485"]

1. e4 c5 2. Nf3 e6 3. d4 cxd4 4. Nxd4 a6 5. Bd3 Bc5 6. Nb3 Be7 7. Be3 Nc6
8. Qe2 Nf6 9. f4 O-O 10. N1d2 Nb4 11. g4 d5 12. e5 Nd7 13. Nf3 f6 14. exf6
Nxf6 15. Ne5 Nxd3+ 16. Qxd3 Bd6 17. O-O-O Bxe5 18. fxe5 Nxg4 19. Qd4 Nxe3
20. Qxe3 Qh4 21. Rdf1 Bd7 22. Nc5 Rxf1+ 23. Rxf1 Qe7 24. Rg1 Be8 25. b4 Bg6
26. c3 a5 27. a3 axb4 28. axb4 b6 29. Nb3 Qa7 30. Qd2 d4 31. Rg3 dxc3 32.
Rxc3 Qa3+ 33. Kd1 Rf8 34. Qd6 Qb2 35. Qxe6+ Bf7 36. Qh3 Bh5+ 0-1

[Event "?"]
[Site "chT2 Polanica Zdroj POL"]
[Date "1999.??.??"]
[Round "?"]
[White "Zezulkin, Jurij"]
[Black "Skrobek, Ryszard"]
[Result "1-0"]
[WhiteElo "2470"]
[BlackElo "2405"]

1. e4 c5 2. Nf3 e6 3. d4 cxd4 4. Nxd4 Qb6 5. Nc3 Bc5 6. Be3 Nc6 7. Ncb5 a6
8. Nxc6 Bxe3 9. Nd6+ Kf8 10. fxe3 Qxe3+ 11. Be2 bxc6 12. Nxc8 Rxc8 13. Qxd7
Ne7 14. Rf1 Qxe4 15. O-O-O f6 16. Bh5 1-0

[Event "?"]
[Site "Open Groningen NED"]
[Date "1997.??.??"]
[Round "?"]
[White "Krakops, Maris"]
[Black "Kraai, Jesse"]
[Result "1-0"]
[WhiteElo "2530"]
[BlackElo "2345"]

1. e4 c5 2. Nf3 e6 3. d4 cxd4 4. Nxd4 Qb6 5. Nc3 Bc5 6. Na4 Qa5+ 7. c3 Bxd4
8. Qxd4 Nf6 9. Nc5 Nc6 10. Qe3 O-O 11. Nb3 Qc7 12. Bd3 Ne5 13. Bc2 Nc4 14.
Qg3 e5 15. O-O Nh5 16. Qh4 Nf4 17. Bxf4 exf4 18. e5 g6 19. Qxf4 Nxe5 20.
Nd2 f5 21. Bb3+ Kg7 22. Nc4 d6 23. Rfe1 Nxc4 24. Bxc4 a6 25. Qd4+ Rf6 26.
Re8 1-0

[Event "?"]
[Site "JUG Ch"]
[Date "1997.??.??"]
[Round "?"]
[White "Brajovic, Radovan"]
[Black "Pikula, Dejan"]
[Result "0-1"]
[WhiteElo "2380"]
[BlackElo "2495"]

1. e4 c5 2. Nf3 e6 3. d4 cxd4 4. Nxd4 a6 5. Bd3 Bc5 6. Nb3 Be7 7. c4 d6 8.
Nc3 Nf6 9. Be3 O-O 10. O-O b6 11. Qe2 Bb7 12. Rfd1 Qc7 13. f3 Nbd7 14. Qf2
Rac8 15. Rac1 Bd8 16. Bf1 Qb8 17. g3 Ne5 18. Nd2 Nfd7 19. h3 Nc5 20. Bxc5
bxc5 21. f4 Nc6 22. Kh2 Bf6 23. Nf3 Nd4 24. Bg2 Bc6 25. b3 Qb7 26. Nd2 Kh8
27. h4 g6 28. Re1 Bg7 29. h5 gxh5 30. Bf3 f5 31. Bxh5 Rf6 32. g4 fxg4 33.
Kg2 Rcf8 34. Rh1 Bh6 35. Qh4 Bxf4 36. Bxg4 Qg7 0-1

[Event "?"]
[Site "Open Dieren NED"]
[Date "2002.??.??"]
[Round "?"]
[White "Hendriks, Willy"]
[Black "Janssen, Ruud"]
[Result "1/2-1/2"]
[WhiteElo "2410"]
[BlackElo "2465"]

1. e4 c5 2. Nf3 e6 3. d4 cxd4 4. Nxd4 a6 5. Bd3 Bc5 6. Nb3 Be7 7. Nc3 d6 8.
Qg4 g6 9. Qe2 Nd7 10. O-O Qc7 11. f4 b6 12. Bd2 Ngf6 13. Rae1 Bb7 14. e5
Nd5 15. Ne4 dxe5 16. fxe5 Nxe5 17. c4 Nxd3 18. Qxd3 Nb4 19. Qc3 O-O-O 20.
Rxf7 Nxa2 21. Qh3 Bc5+ 22. Nbxc5 Qxf7 23. Nxe6 Qf5 24. Nxd8 Rxd8 25. Bg5
Qxh3 26. gxh3 Rd4 27. Nf6 Rxc4 28. Re8+ Kc7 29. Re7+ Kb8 30. Nd7+ Ka7 31.
Be3 Rb4 32. Nxb6 Kb8 33. Rxh7 Rxb2 34. Nd7+ Kc7 35. Ne5+ Kb8 36. Bf4 Ka7
37. Be3+ Kb8 38. Bf4 Ka7 39. Be3+ Kb8 40. Bf4 1/2-1/2